000 01859cad a22002055a 4500
001 L143449
008 080512e20080304xxk f 000 0 eng d
035 _a(Sirsi) u143449
041 0 _aeng
245 0 0 _aWatkins v Jones Maidment Wilson (a firm)
_h[electronic resource]
260 _c2008
520 _a[2008] EWCA Civ 134, 4 March 2008. Considers the point at which a period of time began to elapse under the Limitation Act 1980. The appellants (W) obtained advice from the defendant firm of solicitors (J) in respect of a building agreement. A clause in the agreement allowed them to terminate at a given date and pay for works undertaken if they were unhappy with progress. W issued proceedings against J more than six years after the advice was given, and the judge ruled on the preliminary issue that the action was statute-barred. W appealed, arguing that the six-year limitation period should begin from the date at which the agreement entered into on J's advice failed to be beneficial, rather than the date upon which entry into it was made. "Held": As a result of J's advice, W's chances of negotiating an agreement had decreased. This was a measurable loss of value. However the loss of value occurred when the agreement was entered into. It still had a value before the date on which the option could be taken. Therefore the limitation period began upon the point at which the value was realised. It was not necessary to consider other preliminary issues. Appeal dismissed.
590 _aKA
650 2 4 _aWATKINS V JONES MAIDMENT WILSON
650 2 4 _aLIMITATION ACT 1980
651 4 _aEngland and Wales
_y1543-
690 _aBUILT ENVIRONMENT-CONSTRUCTION MANAGEMENT-BUILDING CONTRACT ADMINISTRATION
856 4 0 _uhttps://www.bailii.org/ew/cases/EWCA/Civ/2008/134.html
_zView the judgment free of charge at www.bailii.org...
942 _n0
999 _c80184
_d80184